Visualizzazione normale
Vista MARC
- Calduch-Benages, Nuria,
di Personal Name
Records bibliografici associati: 5
001 - CONTROL NUMBER
- control field: 3111
003 - CONTROL NUMBER IDENTIFIER
- control field: IT-RoINE
005 - DATE AND TIME OF LATEST TRANSACTION
- control field: 20140120172129.0
008 - FIXED-LENGTH DATA ELEMENTS
- fixed length control field: 140120|| aca||aabn | a|a d
040 ## - CATALOGING SOURCE
- Original cataloging agency: IT-RoINE
- Transcribing agency: IT-RoINE
100 ## - HEADING--PERSONAL NAME
- Personal name: Calduch-Benages, Nuria,
- Dates associated with a name: 1957-
670 ## - SOURCE DATA FOUND
- Source citation: Work cat.: (IT-RoINE)0: Calduch-Benages, Nuria, 1957-, En el crisol de la prueba :, 1997.